Normal view MARC view

Entry Personal Name

Number of records used in: 3

001 - CONTROL NUMBER

  • control field: 2249

003 - CONTROL NUMBER IDENTIFIER

  • control field: OSt

005 - DATE AND TIME OF LATEST TRANSACTION

  • control field: 20241126025535.0

008 - FIXED-LENGTH DATA ELEMENTS

  • fixed length control field: 241126|| aca||aabn | a|a d

040 ## - CATALOGING SOURCE

  • Original cataloging agency: OSt
  • Transcribing agency: OSt

100 ## - HEADING--PERSONAL NAME

  • Personal name: Lockwood, Joanne S

670 ## - SOURCE DATA FOUND

  • Source citation: Work cat.: (OSt)1491: Aufman, Richard N 2245, Intermediate algebra :, 1996.